000 00322nam a22001337a 4500
020 _a0-8019-6027-4
082 _a629.2275 CHI'H
100 _aCHILTON'S
_978632
245 _aHODAKA NEW REPAIR AND TUNE UP GUIDE
260 _aRADNOR
_bCHILTON
_c1974
300 _a132P
650 _aHADAKA MOTORCYCLE
_978633
942 _cBK
999 _c583747
_d583747